书目信息 |
| 题名: |
斜阳温柔
|
|
| 作者: | 王旭烽 著 | |
| 分册: | ||
| 出版信息: | 北京 作家出版社 2002 |
|
| 页数: | 284页 | |
| 开本: | 22cm | |
| 丛书名: | ||
| 单 册: | ||
| 中图分类: | I247.57 | |
| 科图分类: | ||
| 主题词: | 长篇小说--chang pian xiao shuo--中国--当代 | |
| 电子资源: | ||
| ISBN: | 7-5063-2465-2 | |
| 000 | 00669nam0 2200229 450 | |
| 001 | 010259944122 | |
| 005 | 20080826135345.76 | |
| 010 | @a7-5063-2465-2@dCNY20.00 | |
| 100 | @a20050202d2002 km y0chiy0120 ea | |
| 101 | 0 | @achi |
| 102 | @aCN@b110000 | |
| 105 | @aa z 000ay | |
| 200 | 1 | @a斜阳温柔@Axie yang wen rou@f王旭烽著@Fwang xu feng zhu |
| 210 | @a北京@c作家出版社@d2002 | |
| 215 | @a284页@c图@d22cm | |
| 300 | @a雷峰塔的故事 | |
| 330 | @a本书是围绕一个王国的消亡与一座塔的诞生讲述。 | |
| 606 | 0 | @a长篇小说@Achang pian xiao shuo@y中国@z当代 |
| 690 | @aI247.57@v4 | |
| 701 | 0 | @a王旭烽@Awang xu feng@4著 |
| 801 | 0 | @aCN@c20080826 |
| 905 | @dI247.57@eW401 | |
| 斜阳温柔/王旭烽著.-北京:作家出版社,2002 |
| 284页:图;22cm |
| 雷峰塔的故事 |
| ISBN 7-5063-2465-2:CNY20.00 |
| 本书是围绕一个王国的消亡与一座塔的诞生讲述。 |
| ● |
| 相关链接 |
|
|
|
正题名:斜阳温柔
索取号:I247.57/W401
 
预约/预借
| 序号 | 登录号 | 条形码 | 馆藏地/架位号 | 状态 | 备注 |
| 1 | 715305 | 207153051 | 社科二线400B/400B社科库 6排4列6层/ [索取号:I247.57/W401] | 在馆 | |
| 2 | 715306 | 207153060 | 社科二线400B/400B社科库 20排2列5层/ [索取号:I247.57/W401] | 在馆 | |
| 3 | 715307 | 207153079 | 社科二线400B/400B社科库 20排2列6层/ [索取号:I247.57/W401] | 在馆 | |
| 4 | 715308 | 207153088 | 文学库108/108文学库 52排3列3层/ [索取号:I247.57/W401] | 在馆 | |
| 5 | 715309 | 207153097 | 文学库108/108文学库 52排3列3层/ [索取号:I247.57/W401] | 在馆 |